| 000 | 00551nam a2200133 4500 | ||
|---|---|---|---|
| 999 |
_c14290 _d14290 |
||
| 008 | 190910b ||||| |||| 00| 0 eng d | ||
| 082 | _aDPer 050 T48 Apr-June 2016 v. 187 n. 12-24 | ||
| 100 |
_939486 _aZacharek, Stephanie. |
||
| 245 |
_aSummer's leading women: _bThe misogynist outrage over the ghostbusters remake has made it the must-see movie of the season/ _cStephanie Zacharek. |
||
| 260 |
_aHong Kong: _bTime Asia, _cc2016. |
||
| 300 |
_av187 n23, pages 40-43: _billustrations; _c27 cm. |
||
| 650 |
_aMotion picture plays. _939164 |
||
| 942 |
_2ddc _cPER |
||